| 000 | 00533nam a2200169Ia 4500 | ||
|---|---|---|---|
| 003 | GCL | ||
| 008 | 140319s9999 xx 000 0 ara d | ||
| 040 |
_aGCL / _cGCL |
||
| 082 | 0 | 4 |
_a859 _bك خ |
| 100 | 1 | _aكاراجيالى، ى. ل | |
| 245 | 1 | 0 |
_aالخطاب المفقود : مسرحية من اربعة فصول / _cكاراجيالى، ى. ل |
| 300 | _a103 ص | ||
| 490 | _a | ||
| 650 | 0 | 4 | _aالادب الايطالى المترجم |
| 650 | 0 | 4 | _aالمسرحيات الايطالية المترجمة |
| 942 |
_2ddc _cBK |
||
| 999 |
_c46791 _d46791 |
||